Hungarian attitudes toward acts of open opposition by dissidents

Titel: Hungarian attitudes toward acts of open opposition by dissidents / RFE-RL, East Europ. Area, Audience and Opinion Research
Körperschaft:
Veröffentlicht: [München] : RFE-RL, East Europ. Area, Audience and Opinion Research, 1983
Umfang: 11 Bl. ; 30 cm
Format: Buch
Sprache: Englisch
Schriftenreihe/
mehrbändiges Werk:
East European area audience and opinion research ; 1983, Mai [1]
Schlagworte:
Kein Bild verfügbar
X
Lokale Klassifikation: 31 15 L ; 54 7 Od
alg: 7628501
001A    $06000:05-07-99 
001B    $01999:12-05-23 $t22:27:31.000 
001C    $03004:21-06-11 $t11:03:10.000 
001D    $09999:99-99-99 
001U    $0utf8 
001X    $00 
002@    $0Aaxaf 
003@    $0076285014 
003O    $074559708 $aOCoLC 
004A    $fgeh. (Pr. nicht mitget.) 
006G    $0840110316 
006U    $084,B03,0120 
007A    $0840110316 $aDNB 
007T    $0Herdhh076285014 
010@    $aeng 
011@    $a1983 
015@    $00 
021A    $aHungarian attitudes toward acts of open opposition by dissidents $hRFE-RL, East Europ. Area, Audience and Opinion Research 
029F    $RRadio Free Europe $RRadio Free Europe, Radio Liberty $72058946-3 $8Radio Free Europe, Radio Liberty$bEast European Area$bAudience and Opinion Research [Tb1] $9043067964 
033A    $p[München] $nRFE-RL, East Europ. Area, Audience and Opinion Research 
034D    $a11 Bl. 
034I    $a30 cm 
036E    $aEast European area audience and opinion research $l1983, Mai [1] 
036F    $x41983 15 [11] $8East European area audience and opinion research $9018901778 $l1983, Mai [1] 
044F    $bUngarn 
044F    $aDissident 
044F    $aÖffentliche Meinung 
045E    $a16 
045F    $a306.0947 $eDDC23BSB 
045F/01 $a306.09 
045F/03 $g47 
045F/03 $g437 
045F/03 $g439 
045G    $a909 $eDDC23BSB 
045G/01 $a909 
045G/03 $f0904 
045G/03 $g439 

lok: 7628501 24
101B    $021-06-11 $t11:03:10.000 
101C    $021-06-11 
101U    $0utf8 
145Z/01 $a31 15 L 
145Z/02 $a54 7 Od 

exp: 7628501 24 1 #EPN
201B/01 $021-06-11 $t11:03:10.000 
201C/01 $021-06-11 
201U/01 $0utf8 
203@/01 $0621971723 
208@/01 $a21-06-11 $br 
209A/01 $a31 XV LZ 1 : 1983,Mai [1] $du $f050 $h31 15 LZ 1 / B 1983 Mai [1] $x00 
209C/01 $aT 84.1214 $h84 1214 T 
209G/01 $a72850599 $x00 
220C/01 $ahan 
247C/01 $8358050-7 Marburg, Bibliothek des Herder-Instituts Marburg $9102600961 

lok: 7628501 78

exp: 7628501 78 1 #EPN
201B/01 $019-04-17 $t18:32:40.000 
201U/01 $0utf8 
203@/01 $0793826241 
208@/01 $a12-11-16 $be 
209A/01 $a/ $f000 $x00 
237A/01 $aweiterführende Signatur(en): Herder-Institut: 31 XV LZ 1 : 1983,Mai [1] 
244Z/01 $2Trx $#Kesk- ja Ida- Euroopa kontseptsioonid $#Vidurio Europos koncepcijos $#East-Central Europe $#Keletközépeurópa-eszmék $#Europa Środkowo-Wschodnia koncepcje $#Európa stredovýchodná koncepcie $#Evropa střední, východní část koncepce $#Mitteleuropa $#Osteuropakonzeptionen $#Europa Środkowa koncepcje $#Stredná Európa koncepcie $#Střední Europa koncepce $8--Trx--Ostmitteleuropakonzeptionen $x01 $9391364286 
244Z/01 $2Trx $#Ungari $#Vengrija $#Ungārija $#Ungarn $#Hungary $#Węgry $#Maďarsko $#Maďarsko $#Uhorsko $#Uhersko;Uhry $8--Trx--Magyarország $x02 $9391197150 
245Z/01 $a11.14 $x01 
247C/01 $82080>Marburg/Lahn, Herder-Institut, Forschungsbibliothek, Bibliographieportal $9336309341
LEADER 00000cam a22000002c 4500
001 076285014
003 DE-603
005 20230512222731.0
007 tu
008 990705s1983 xx |||| | u00||u|eng
015 |a 84,B03,0120  |2 dnb 
016 7 |2 DE-101  |a 840110316 
035 |a (DE-599)DNB840110316 
035 |a (OCoLC)74559708 
040 |a DE-603  |b ger  |c DE-603  |d DE-603 
041 |a eng 
082 0 4 |8 1\u  |a 306.0947  |q DE-101  |2 23/BSB 
083 0 |8 2\u  |a 909  |q DE-101  |2 23/BSB 
084 |a 16  |q DE-101  |2 sdnb 
085 |8 1\u  |b 306.09 
085 |8 1\u  |z 2  |s 47 
085 |8 1\u  |z 2  |s 437 
085 |8 1\u  |z 2  |s 439 
085 |8 2\u  |b 909 
085 |8 2\u  |z 1  |s 0904 
085 |8 2\u  |z 2  |s 439 
245 0 0 |a Hungarian attitudes toward acts of open opposition by dissidents  |c RFE-RL, East Europ. Area, Audience and Opinion Research 
264 1 |a [München]  |b RFE-RL, East Europ. Area, Audience and Opinion Research  |c 1983 
300 |a 11 Bl.  |c 30 cm 
490 1 |a East European area audience and opinion research  |v 1983, Mai [1] 
650 7 |a Dissident  |2 local 
650 7 |a Öffentliche Meinung  |2 local 
651 7 |a Ungarn  |2 local 
710 2 |a Radio Free Europe, Radio Liberty  |b East European Area  |b Audience and Opinion Research  |0 (DE-603)043067964  |0 (DE-588)2058946-3  |2 gnd 
830 0 |t East European area audience and opinion research  |v 1983, Mai [1]  |w (DE-603)018901778  |w (DE-600)2294498-9  |9 41983 15 [11]  |7 as 
924 0 |9 Mb 50  |a (DE-603)621971723  |b DE-Mb50  |c HES  |d c  |g 31 XV LZ 1 : 1983,Mai [1] 
924 0 |9 2080  |a (DE-603)793826241  |b DE-2080  |c HES  |d d  |g /